[Event "German Bundesliga 2021-22"]
[Site "Germany"]
[Date "2022.05.01"]
[Round "6.10"]
[White "Nestorovic, Nikola"]
[Black "Maghsoodloo, Parham"]
[Result "0-1"]
[WhiteElo "2456"]
[BlackElo "2701"]
[Annotator "TA"]
[PlyCount "90"]
[EventDate "2022.03.05"]
[EventType "team-tourn"]
[EventCountry "GER"]
[SourceTitle "playchess.com"]
[Source "ChessBase"]
[SourceQuality "1"]
[TimeControl "40/5400+30:1800+30"]

{[%evp 17,90,30,45,0,14,4,20,6,0,0,25,11,11,13,18,16,22,8,12,11,26,22,15,18,31,4,35,0,0,-24,-24,-12,0,0,-1,-9,-3,0,-7,-22,-33,-45,-14,-52,-41,-55,-51,-54,-59,-123,-122,-120,-108,-106,-83,-117,-95,-128,-114,-157,-165,-157,-153,-164,-148,-231,-263,-248,-225,-283,-329,-327,-321,-303,-273]} 1. e4 {[%emt 0:00:00]} c5 {[%emt 0:00:00]} 2. Nf3 {[%emt 0:00:00]} d6 {[%emt 0:00:00]} 3. d4 {[%emt 0:00:00]} cxd4 {[%emt 0:00:00]} 4. Nxd4 {[%emt 0:00:00]} Nf6 {[%emt 0:00:00]} 5. Nc3 {[%emt 0:00:00]} a6 {[%emt 0:00:00]} 6. Be3 {[%emt 0:00:00]} e5 {[%emt 0:00:00]} 7. Nf3 {[%emt 0:00:00][%cal Bd4f3,Bf3e1,Be1d3,Bd3b4][%mdl 32]} Qc7 {[%emt 0:00:00]} 8. a4 {[%emt 0:00:00]} h6 {[%emt 0:00:01]} 9. a5 {[%emt 0:00:00]} Be6 {[%emt 0:00:36]} 10. Be2 {[%emt 0:00:00] B90: Sicilian Najdorf: Unusual White 6th moves, 6 Be3 Ng4 and 6 Be3 e5.} Nbd7 {[%emt 0:03:52]} 11. O-O {[%emt 0:00:00]} Rc8 {[%emt 0:07:48][%cal Ba8c8,Bc8c4,Bc4c6][%mdl 32]} (11... Qc6 $5 {[%cal Rf6e4]}) 12. Ne1 {[%emt 0:14:40] The position is equal.} Be7 {[%emt 0:06:00]} 13. Bf3 {[%emt 0:10:43] [#]} Qb8 $146 {[%emt 0:16:57]} ({Predecessor:} 13... O-O 14. Nd3 Rfe8 15. Qd2 Nh7 16. g3 Bg5 17. Rfd1 Bxe3 18. Qxe3 Nhf6 19. Nb4 Nb8 {½-½ (59) Magem Badals,J (2505)-Trichkov,V (2395) Barcelona 1993}) 14. Nd3 {[%emt 0:03:37]} Rc4 {[%emt 0:01:18]} 15. Bd2 {[%emt 0:17:35]} Qc8 {[%emt 0:04:01]} 16. Qe1 {[%emt 0:02:13]} Bd8 {[%emt 0:00:39]} 17. b3 {[%emt 0:04:57]} Rc6 {[%emt 0:00:30]} 18. Nb4 {[%emt 0:05:34]} Rc5 {[%emt 0:00:06]} 19. Na4 {[%emt 0:03:55]} Rxa5 {[%emt 0:00:27]} 20. Nd5 {[%emt 0:09:02]} Rxa4 {[%emt 0:11:16]} 21. Nxf6+ {[%emt 0:11:03]} Nxf6 {[%emt 0:00:26]} 22. Rxa4 {[%emt 0:03:45]} Qxc2 {[%emt 0:00:33]} 23. Qc1 {[%emt 0:03:36]} Qxc1 {[%emt 0:10:32]} ({Don't play} 23... Qxb3 24. Rb4 Qa2 25. Rxb7 $16) 24. Rxc1 {[%emt 0:00:10]} Bd7 {[%emt 0:01:33]} 25. Ra2 {[%emt 0:01:08]} Ke7 {[%emt 0:05:56]} 26. Bb4 {[%emt 0:02:13]} Bb6 {[%emt 0:04:10]} 27. Rd2 {[%emt 0:01:38]} Ne8 {[%emt 0:00:21]} 28. Rcd1 {[%emt 0:01:00][%cal Rd2d6]} Bc6 {[%emt 0:02:09]} 29. Kf1 {[%emt 0:04:32]} h5 {[%emt 0:04:33]} 30. h4 {[%emt 0:00:04]} Rh6 {[%emt 0:04:24]} 31. Rc2 {[%emt 0:01:06]} Nc7 {[%emt 0:01:38]} 32. Bd2 {[%emt 0:00:35]} Rh8 {[%emt 0:00:22]} 33. Bb4 {[%emt 0:00:14]} (33. Rdc1 $15) 33... Nb5 $17 {[%emt 0:00:25]} 34. Bc3 {[%emt 0:03:32]} g6 {[%emt 0:03:31]} 35. Bb2 {[%emt 0:00:21]} a5 {[%emt 0:05:11]} 36. Rcc1 {[%emt 0:00:35]} Bd4 {[%emt 0:00:13]} 37. Rc2 {[%emt 0:00:34]} Ra8 {[%emt 0:03:28]} 38. Bc1 {[%emt 0:00:32]} Nc3 {[%emt 0:00:35]} 39. Re1 {[%emt 0:00:11] [#]} b5 $1 {[%emt 0:00:23][%cal Bb7b5,Bb5b4][%mdl 32] 0x0.00198fc79271dp-1022s more active pieces.} 40. Be3 {[%emt 0:00:20]} b4 {[%emt 0:00:30]} 41. Bxd4 {[%emt 0:00:00] [#]} (41. Ra1 $17) 41... Bb5+ $1 $19 {[%emt 0:00:00]} ({Weaker is} 41... exd4 42. Be2 $17) 42. Kg1 {[%emt 0:01:56]} exd4 {[%emt 0:00:00][%cal Be5d4,Bd4d3,Bd3d2][%mdl 32]} 43. Rd2 {[%emt 0:00:15]} d3 {[%emt 0:00:00] Black has a decisive advantage.} 44. Bd1 {[%emt 0:06:19]} Nb1 {[%emt 0:00:00]} 45. Rb2 {[%emt 0:00:08] [#]} d2 $1 {[%emt 0:00:00] Weighted Error Value: White=0.15 (very precise) /Black=0.05 (flawless)} 0-1

[Event "German Bundesliga 2021-22"]
[Site "Germany"]
[Date "2022.05.01"]
[Round "6.11"]
[White "Korobov, Anton"]
[Black "Thybo, Jesper Sondergaard"]
[Result "1-0"]
[WhiteElo "2695"]
[BlackElo "2559"]
[Annotator "TA"]
[PlyCount "57"]
[EventDate "2022.03.05"]
[EventType "team-tourn"]
[EventCountry "GER"]
[SourceTitle "playchess.com"]
[Source "ChessBase"]
[SourceQuality "1"]
[TimeControl "40/5400+30:1800+30"]

{[%evp 12,57,-11,-21,-20,-23,-24,-19,-22,-27,-25,-30,-24,-36,-7,-14,-12,-100,24,22,22,23,23,22,72,70,71,75,74,50,440,436,475,472,492,488,485,459,487,477,597,573,1209,1435,1405,1235,1164,1110]} 1. Nf3 {[%emt 0:00:00]} Nf6 {[%emt 0:00:00]} 2. g3 {[%emt 0:00:00]} c5 {[%emt 0:00:00]} 3. Bg2 {[%emt 0:00:00]} Nc6 {[%emt 0:00:00]} 4. O-O {[%emt 0:00:00]} e5 {[%emt 0:00:00]} 5. d3 {[%emt 0:00:00]} d5 {[%emt 0:00:00]} 6. e4 {[%emt 0:00:00]} d4 {[%emt 0:04:33] 6...d4 is better than 6...dxe4.} 7. a4 {[%emt 0:00:00]} Bd6 {[%emt 0:04:11] A08: King's Indian Attack.} 8. Nh4 $5 {[%emt 0:00:01][%mdl 4] A promising side line.} O-O {[%emt 0:02:12]} 9. Nf5 {[%emt 0:03:38]} Bc7 {[%emt 0:14:52] The position is equal.} 10. Bg5 {[%emt 0:05:49] [#]} h6 $146 {[%emt 0:05:42]} ({Predecessor:} 10... Be6 11. Qf3 Bxf5 12. exf5 h6 13. Bxf6 Qxf6 14. Nd2 Qe7 15. Qg4 Nb4 16. Rac1 Bd8 {½-½ (52) Brankovic,D (2290)-Pobor,M (2175) Paracin 2020}) 11. Bh4 {[%emt 0:02:17]} Kh7 {[%emt 0:03:01] [#] aiming for ...g5.} ({Don't do} 11... Bxf5 12. exf5 Na5 13. Nd2 $14) 12. g4 {[%emt 0:09:00]} g5 {[%emt 0:05:50]} 13. Bg3 {[%emt 0:00:27]} Ne7 {[%emt 0:00:19]} 14. h4 {[%emt 0:17:40] [#]} (14. h3 $11) 14... Ng6 {[%emt 0:11:23]} (14... gxh4 $1 $17 15. Bxh4 Ng6) 15. hxg5 $11 {[%emt 0:01:28]} hxg5 {[%emt 0:00:06]} 16. Bf3 {[%emt 0:05:15]} Rh8 {[%emt 0:06:47]} 17. Kg2 {[%emt 0:00:37]} Nf4+ {[%emt 0:03:14]} (17... Bxf5 $11 18. exf5 Nh4+ 19. Bxh4 gxh4) 18. Bxf4 $16 {[%emt 0:00:53]} exf4 {[%emt 0:00:05]} 19. Rh1+ {[%emt 0:03:47]} Kg6 {[%emt 0:00:15]} 20. Nd2 {[%emt 0:00:24] Black must now prevent Qe2. Dancing on a razor blade.} Rb8 $2 {[%emt 0:15:17][%mdl 8192] A mistake that costs the game.} ({Better is} 20... Rxh1 $1 $14 21. Qxh1 Bxf5 22. gxf5+ (22. exf5+ Kg7 $14) 22... Kg7) 21. Qe2 $18 {[%emt 0:04:08] White is clearly winning.} Nd7 {[%emt 0:15:23]} 22. Rxh8 {[%emt 0:02:29]} Qxh8 {[%emt 0:00:02]} 23. Rh1 {[%emt 0:00:13][%cal Ba1h1,Bh1h5,Bh5h6][%mdl 32]} Qf8 {[%emt 0:00:05]} 24. Qe1 {[%emt 0:18:03]} Ne5 {[%emt 0:01:25]} 25. Rh5 {[%emt 0:00:15]} Kf6 {[%emt 0:04:02]} 26. Rh6+ {[%emt 0:02:12]} Ng6 {[%emt 0:00:16]} 27. e5+ {[%emt 0:00:18][%cal Be4e5,Be5e6][%mdl 32]} Ke6 {[%emt 0:02:01]} 28. Ne4 {[%emt 0:01:35] Pair of Knights!} Kd7 {[%emt 0:02:00]} 29. e6+ {[%emt 0:01:24] Weighted Error Value: White=0.09 (flawless) /Black=0.56} 1-0

[Event "German Bundesliga 2021-22"]
[Site "Germany"]
[Date "2022.05.01"]
[Round "6.11"]
[White "Eljanov, Pavel"]
[Black "Rozentalis, Eduardas"]
[Result "1-0"]
[WhiteElo "2681"]
[BlackElo "2542"]
[Annotator "TA"]
[PlyCount "101"]
[EventDate "2022.03.05"]
[EventType "team-tourn"]
[EventCountry "GER"]
[SourceTitle "playchess.com"]
[Source "ChessBase"]
[SourceQuality "1"]
[TimeControl "40/5400+30:1800+30"]

{[%evp 14,101,18,11,20,20,24,25,22,3,56,62,57,69,64,64,65,64,63,75,59,68,66,66,77,71,71,77,117,117,119,109,173,171,164,170,166,158,216,216,229,236,224,192,289,288,379,392,387,318,324,329,322,306,370,341,1316,1199,1652,1542,1430,1357,2046,2093,1884,2015,1785,1777,1277,1462,29959,29960,29960,12529,5518,5618,2043,519,1029,1006,898,826,1545,1560,1405,1370,1373,1387,710,1065]} 1. d4 {[%emt 0:00:00]} Nf6 {[%emt 0:00:00]} 2. c4 {[%emt 0:00:00]} e6 {[%emt 0:00:00]} 3. Nf3 {[%emt 0:00:00]} b6 {[%emt 0:00:00]} 4. g3 {[%emt 0:00:00]} Bb7 {[%emt 0:00:00]} 5. Bg2 {[%emt 0:00:00]} Be7 {[%emt 0:00:00]} 6. O-O {[%emt 0:00:00]} O-O {[%emt 0:00:00]} 7. Re1 {[%emt 0:00:00]} Na6 {[%emt 0:00:00]} 8. Nc3 {[%emt 0:00:00]} Ne4 {[%emt 0:00:00] E18: Queen's Indian: Old Main Line (4 g3 Bb7 5 Bg2 Be7 6 0-0 0-0 7 Nc3).} 9. h4 {[%emt 0:00:00]} Nxc3 {[%emt 0:00:46]} 10. bxc3 {[%emt 0:00:00]} Be4 {[%emt 0:00:04] [#] White has an edge.} 11. Bf1 $5 $146 {[%emt 0:18:36][%mdl 8] An interesting novelty.} ({Predecessor:} 11. Ng5 Bxg2 12. Kxg2 Bxg5 13. hxg5 f6 14. gxf6 Qxf6 15. f3 Nb8 16. Qd3 Nc6 17. Rh1 {1-0 (46) Sargissian,G (2689)-Ly,M (2486) Chess.com INT 2019}) 11... Bxf3 {[%emt 0:10:18]} (11... f5 $11) 12. exf3 $14 {[%emt 0:00:06]} c6 {[%emt 0:00:08]} 13. Bd3 {[%emt 0:14:04]} Nc7 {[%emt 0:01:25]} 14. Qc2 {[%emt 0:00:06]} h6 {[%emt 0:12:23]} 15. Qe2 {[%emt 0:03:43] White is more active.} d5 {[%emt 0:00:30]} 16. Bc2 {[%emt 0:04:36]} Qd7 {[%emt 0:09:03]} 17. Qd3 {[%emt 0:01:19][%csl Gc2][%cal Rd3h7] [#]} f5 {[%emt 0:00:54]} 18. Kg2 {[%emt 0:00:42]} Bd6 {[%emt 0:10:18] Black is now going downhill.} 19. a4 {[%emt 0:04:38][%cal Ba2a4,Ba4a5][%mdl 32]} Rae8 {[%emt 0:06:01]} 20. a5 {[%emt 0:02:09]} b5 {[%emt 0:03:28]} 21. c5 {[%emt 0:00:30]} Be7 {[%emt 0:00:05]} 22. Bf4 {[%emt 0:00:08] [#] And now Bxc7 would win.} Bd8 {[%emt 0:04:42]} (22... Na6 $16 {was worth a try.}) 23. h5 $18 {[%emt 0:00:47]} Na6 {[%emt 0:05:42]} 24. g4 {[%emt 0:14:01]} Bc7 {[%emt 0:00:47]} 25. Bg3 {[%emt 0:00:04]} Rf6 {[%emt 0:17:07]} (25... Re7 $16 {might work better.} 26. f4 g5) 26. Re2 {[%emt 0:04:02]} Bxg3 {[%emt 0:02:42]} 27. fxg3 {[%emt 0:00:08]} (27. Kxg3 Qc7+ 28. f4 Ref8 $16) 27... Kf8 {[%emt 0:01:32]} 28. Re5 {[%emt 0:08:30]} fxg4 {[%emt 0:03:40]} (28... Qf7 $142 29. f4 (29. gxf5 exf5 30. Rae1 Nc7 $14) 29... fxg4) 29. fxg4 {[%emt 0:00:08]} Ke7 {[%emt 0:01:06]} 30. g5 {[%emt 0:02:18]} hxg5 {[%emt 0:01:20]} 31. Rxg5 {[%emt 0:00:04][%cal Be5g5,Bg5g7,Bg7g8][%mdl 32] Chess con chili.} Kd8 {[%emt 0:00:28]} 32. Rf1 {[%emt 0:02:20]} Rxf1 {[%emt 0:02:34]} 33. Qxf1 {[%emt 0:00:25]} ({Weaker is} 33. Kxf1 Nc7 $14) 33... Qc7 {[%emt 0:02:46]} 34. Bg6 {[%emt 0:02:43]} Rh8 {[%emt 0:02:11]} (34... Qe7) 35. Bf7 {[%emt 0:00:30]} Qe7 {[%emt 0:02:21]} 36. Rxg7 {[%emt 0:00:10]} e5 {[%emt 0:00:12]} 37. h6 {[%emt 0:06:24]} Rxh6 {[%emt 0:01:55]} 38. Rg8+ {[%emt 0:00:20]} Kc7 {[%emt 0:00:07]} 39. Qf5 {[%emt 0:00:06][%csl Gg8][%cal Rf5c8]} Qd7 {[%emt 0:00:06] Prevents Qc8+.} 40. Qxe5+ {[%emt 0:00:20]} Kb7 {[%emt 0:00:08]} 41. Bh5 {[%emt 0:36:03]} Rh7 {[%emt 0:00:00] Prevents Rg7.} 42. Bg4 {[%emt 0:00:00]} Rh2+ {[%emt 0:00:00]} 43. Kxh2 {[%emt 0:00:00]} Qh7+ {[%emt 0:00:00] White is clearly winning.} 44. Kg2 {[%emt 0:00:00] Threatening mate with Bc8+.} Qxg8 {[%emt 0:00:00]} 45. Be6 {[%emt 0:00:00]} (45. Qe7+ $142 Nc7 46. Bd7) 45... Qd8 {[%emt 0:00:00]} (45... Qe8 $142 46. g4 b4 47. cxb4 Nxb4) 46. Qg7+ {[%emt 0:00:00]} Nc7 {[%emt 0:00:00]} 47. Bd7 {[%emt 0:00:00][%cal Be6d7,Bd7c6,Bc6b5][%mdl 32]} Ka6 {[%emt 0:00:00]} 48. Bxc6 {[%emt 0:00:00] Qg6 would kill now.} Kxa5 {[%emt 0:00:00]} 49. Qh7 {[%emt 0:00:00] White wants to mate with Qc2.} Ka4 {[%emt 0:00:00]} 50. Qb1 {[%emt 0:00:00][%csl Gc3][%cal Rb1b4]} Ka3 {[%emt 0:00:00]} 51. Bxb5 {[%emt 0:00:00] Weighted Error Value: White=0.30/Black=0.50} 1-0

[Event "German Bundesliga 2021-22"]
[Site "Germany"]
[Date "2022.05.01"]
[Round "6.11"]
[White "Koch, Thomas"]
[Black "Van Foreest, Lucas"]
[Result "1/2-1/2"]
[WhiteElo "2458"]
[BlackElo "2573"]
[Annotator "TA"]
[PlyCount "120"]
[EventDate "2022.03.05"]
[EventType "team-tourn"]
[EventCountry "GER"]
[SourceTitle "playchess.com"]
[Source "ChessBase"]
[SourceQuality "1"]
[TimeControl "40/5400+30:1800+30"]

{[%evp 23,120,6,33,4,16,8,20,0,32,24,25,22,39,50,64,-6,-8,-27,-34,-34,-32,-36,-46,-18,-26,-95,-95,-94,-94,-108,-106,-104,-96,-116,-93,-105,-91,-102,-73,-100,-81,-139,-39,-37,-1,-32,-31,-30,-12,-39,-12,-25,-27,-28,-5,-43,-11,-28,0,0,0,0,0,0,0,0,0,0,0,0,0,0,0,0,0,0,0,0,0,0,0,0,0,0,0,0,0,0,0,0,0,0,0,0,0,0,37,37,43]} 1. d4 {[%emt 0:00:00]} d5 {[%emt 0:00:00]} 2. c4 {[%emt 0:00:00]} c6 {[%emt 0:00:00]} 3. Nc3 {[%emt 0:00:00]} dxc4 {[%emt 0:00:00]} 4. Nf3 {[%emt 0:00:00]} Nf6 {[%emt 0:00:00]} 5. a4 {[%emt 0:00:00]} Bf5 {[%emt 0:00:00]} 6. e3 {[%emt 0:00:00]} e6 {[%emt 0:00:00]} 7. Bxc4 {[%emt 0:00:00]} Bb4 {[%emt 0:00:00]} 8. O-O {[%emt 0:00:00]} O-O {[%emt 0:00:00]} 9. Qe2 {[%emt 0:00:00]} Bg6 {[%emt 0:00:00]} 10. Ne5 {[%emt 0:00:00]} Nbd7 {[%emt 0:00:00]} 11. Nxg6 {[%emt 0:00:00]} hxg6 {[%emt 0:00:00]} 12. Rd1 {[%emt 0:00:00]} Qc7 $1 {[%emt 0:00:00][%mdl 4] outshines the older 12...Qa5.} 13. Bd2 {[%emt 0:01:53] D19: Slav Defence: 5 a4 Bf5 6 e3: Main line with 9 Qe2.} Rad8 {[%emt 0:00:00] [#]} 14. Be1 $146 {[%emt 0:01:09]} ({Predecessor:} 14. Na2 Bxd2 15. Rxd2 Qa5 16. b3 Rfe8 17. Rc1 e5 18. Rcd1 Nb6 19. dxe5 Rxd2 20. Qxd2 Nxc4 21. bxc4 Qxe5 {0-1 (45) Dewald,H (1937)-Ivanauskas,R ICCF email 2014}) 14... a5 {[%emt 0:00:00]} 15. Rac1 {[%emt 0:01:31] The position is equal.} Rfe8 {[%emt 0:04:14]} 16. e4 {[%emt 0:10:51]} e5 {[%emt 0:03:10]} 17. d5 $1 {[%emt 0:06:07]} Nc5 {[%emt 0:05:14]} 18. f3 {[%emt 0:01:21]} Bxc3 {[%emt 0:02:45]} 19. bxc3 {[%emt 0:01:40]} (19. Rxc3 $14 Nxa4 20. Rc2) 19... Nxa4 $11 {[%emt 0:05:03]} 20. d6 {[%emt 0:04:29]} Rxd6 {[%emt 0:05:45]} 21. Rxd6 {[%emt 0:03:09]} Qxd6 {[%emt 0:00:07]} 22. Qa2 {[%emt 0:00:23] [#]} Rf8 {[%emt 0:10:57]} 23. Qxa4 {[%emt 0:00:48]} b5 {[%emt 0:00:17]} 24. Bxf7+ {[%emt 0:00:39]} Rxf7 $17 {[%emt 0:00:19]} 25. Qxa5 {[%emt 0:02:27] [#]} Nxe4 $1 {[%emt 0:02:22][%cal Bf6e4,Be4d6,Bd6f5][%mdl 32]} 26. Qa8+ {[%emt 0:02:29]} (26. Qb4 Qc5+) 26... Kh7 {[%emt 0:01:02][%cal Od6d3]} 27. Qa2 {[%emt 0:00:22]} Qc5+ {[%emt 0:08:56]} 28. Kh1 {[%emt 0:01:33]} Nd6 {[%emt 0:20:09]} 29. Bf2 {[%emt 0:03:34] [#]} Qc4 {[%emt 0:00:47]} 30. Qd2 {[%emt 0:00:49]} Nf5 {[%emt 0:00:28]} 31. Re1 {[%emt 0:02:06]} Re7 {[%emt 0:04:13]} 32. Re4 {[%emt 0:01:26]} (32. g4 $142 Nh6 33. Qe3) 32... Qd5 {[%emt 0:01:27]} (32... Qf1+ $17 33. Bg1 Ra7) 33. Qg5 {[%emt 0:05:36]} Rd7 {[%emt 0:06:56]} 34. Be1 {[%emt 0:08:11]} Rf7 {[%emt 0:10:53]} 35. h3 {[%emt 0:01:34]} Rf6 {[%emt 0:00:19]} 36. Kh2 {[%emt 0:04:37]} Kg8 {[%emt 0:01:13]} 37. Bg3 {[%emt 0:05:46]} Re6 {[%emt 0:00:51]} 38. h4 {[%emt 0:06:05]} Qd6 {[%emt 0:03:41]} 39. Bf2 {[%emt 0:05:12]} Qc7 {[%emt 0:02:14]} 40. Bc5 {[%emt 0:00:58]} (40. Bg3 $5) 40... Nd6 {[%emt 0:02:45]} 41. Bxd6 {[%emt 0:32:56]} Qxd6 $11 {[%emt 0:30:09][%mdl 4096] Endgame KQR-KQR} 42. Qe3 {[%emt 0:00:15]} Kf7 {[%emt 0:00:32]} 43. Kh1 {[%emt 0:02:02]} c5 {[%emt 0:01:43]} 44. Qe2 {[%emt 0:03:55]} c4 {[%emt 0:00:34]} 45. Qe1 {[%emt 0:03:24]} Re7 {[%emt 0:00:00]} 46. Qb1 {[%emt 0:00:00]} Qc6 {[%emt 0:00:00]} 47. Kh2 {[%emt 0:00:00]} Qd5 {[%emt 0:00:00]} 48. Qe1 {[%emt 0:00:00]} Re6 {[%emt 0:00:00]} 49. Kg3 {[%emt 0:00:00]} Qd6 {[%emt 0:00:00]} 50. Qb1 {[%emt 0:00:00]} Qc5 {[%emt 0:00:00]} 51. Qe1 {[%emt 0:00:00]} Qc7 {[%emt 0:00:00]} 52. Qb1 {[%emt 0:00:00]} Rb6 {[%emt 0:00:00]} 53. Qa2 {[%emt 0:00:00]} Rd6 {[%emt 0:00:00]} 54. Qb2 {[%emt 0:00:00]} Rd5 {[%emt 0:00:00]} 55. Qb4 {[%emt 0:00:00]} Kg8 {[%emt 0:00:00]} 56. Qa3 {[%emt 0:00:00]} Kh7 {[%emt 0:00:00]} 57. Qa6 {[%emt 0:00:00]} Qe7 {[%emt 0:00:00]} 58. Qc6 {[%emt 0:00:00]} Rd2 {[%emt 0:00:00]} 59. Kh3 {[%emt 0:00:00]} Rd3 {[%emt 0:00:00] ...Qf6 is the strong threat.} ({But not} 59... Qf6 60. Qxb5 Qe6+ 61. Kg3 $16) 60. Qxb5 {[%emt 0:00:00]} Rxc3 {[%emt 0:01:31] Weighted Error Value: White=0.12 (very precise) /Black=0.12 (very precise)} 1/2-1/2

[Event "German Bundesliga 2021-22"]
[Site "Germany"]
[Date "2022.05.01"]
[Round "6.12"]
[White "Hracek, Zbynek"]
[Black "Lemmers, Oscar"]
[Result "1-0"]
[WhiteElo "2565"]
[BlackElo "2346"]
[Annotator "TA"]
[PlyCount "51"]
[EventDate "2022.03.05"]
[EventType "team-tourn"]
[EventCountry "GER"]
[SourceTitle "playchess.com"]
[Source "ChessBase"]
[SourceQuality "1"]
[TimeControl "40/5400+30:1800+30"]

{[%evp 10,51,49,43,60,29,45,40,76,78,86,90,83,85,90,83,103,106,106,104,105,110,209,210,472,482,860,440,667,406,393,370,587,579,614,541,5449,5449,2611,2593,2203,2110,1404,1329]} 1. e4 {[%emt 0:00:00]} c5 {[%emt 0:00:00]} 2. Nf3 {[%emt 0:00:00]} e6 {[%emt 0:00:00]} 3. d4 {[%emt 0:00:00]} cxd4 {[%emt 0:00:00]} 4. Nxd4 {[%emt 0:00:00]} a6 {[%emt 0:00:00]} 5. Bd3 {[%emt 0:00:00]} g6 {[%emt 0:00:00]} 6. Be3 {[%emt 0:00:00]} Bg7 {[%emt 0:00:00] B42: Sicilian: Kan Variation: 5 Bd3.} 7. Qd2 {[%emt 0:00:00]} Ne7 {[%emt 0:00:00]} 8. Nc3 {[%emt 0:01:46]} Nbc6 {[%emt 0:01:28] White is slightly better.} 9. Nxc6 {[%emt 0:00:58]} Nxc6 {[%emt 0:10:24] [#]} 10. Bh6 $146 {[%emt 0:06:37]} ({Predecessor:} 10. f4 d5 11. Bc5 Qa5 12. Bd6 Nb4 13. e5 Bd7 14. a3 Nxd3+ 15. cxd3 Rc8 16. Rc1 {½-½ (24) Shanava,K (2477)-Popchev,M (2476) Olomouc 2005}) 10... Bxh6 {[%emt 0:07:13]} 11. Qxh6 {[%emt 0:00:03]} d6 {[%emt 0:02:04]} 12. O-O-O {[%emt 0:15:28]} Bd7 {[%emt 0:07:26]} 13. Be2 {[%emt 0:08:55]} Qe7 {[%emt 0:02:09]} 14. Rd2 {[%emt 0:10:51] aiming for Rhd1. White is more active.} O-O-O {[%emt 0:03:27]} 15. Rhd1 {[%emt 0:00:22]} e5 {[%emt 0:20:47]} (15... Be8 $16) 16. Nd5 $18 {[%emt 0:11:45]} ({Not} 16. Rxd6 Nd4 17. Rd5 Be6 $14) 16... Qf8 {[%emt 0:00:52] [#]} (16... Qe8 17. Qe3 Be6) 17. Qe3 $1 {[%emt 0:00:13] Intending Qb6 and mate.} Nd4 {[%emt 0:10:30]} (17... Be6 $142 18. Bxa6 Bxd5) 18. Bxa6 {[%emt 0:07:20]} bxa6 {[%emt 0:03:29]} (18... Bc6 $142 19. c3 Bxd5) 19. c3 {[%emt 0:00:20]} Bc6 {[%emt 0:05:19]} 20. cxd4 {[%emt 0:01:38]} Kb8 {[%emt 0:05:58]} (20... Bxd5 $142 21. Rc2+ Kb8) 21. dxe5 {[%emt 0:03:46] White is clearly winning.} Rc8 {[%emt 0:05:07]} 22. Nc3 {[%emt 0:05:14]} dxe5 {[%emt 0:01:37]} 23. Qb6+ {[%emt 0:00:16]} Bb7 {[%emt 0:00:34]} 24. Rd7 {[%emt 0:00:14][%csl Gd7][%cal Rb6b7] [#]} Rxc3+ {[%emt 0:00:19]} 25. bxc3 {[%emt 0:00:08][%csl Gd7][%cal Rb6b7]} Qc8 {[%emt 0:00:41]} 26. Rd8 {[%emt 0:00:06] Weighted Error Value: White=0.53/Black=0.69} 1-0